Estatísticas para Países por Fronteiras em 90 Segundos

Clique aqui para jogar o quiz

Estatísticas Gerais

  • Esse quiz foi jogado 58 311 vezes
  • A pontuação média é 98 de 157

Respostas no mapa

Respostas codificadas por cores de uma escala verde-vermelha no mapa do quiz de acordo com a % correta abaixo.
Carregando ...
 

Estatísticas das Respostas

Paese% Correto
Brasil
98%
França
98%
Argentina
97%
Suriname
97%
Bolívia
97%
Colômbia
96%
Paraguai
96%
Peru
96%
Rússia
96%
Estados Unidos
95%
Uruguai
95%
Venezuela
95%
China
95%
Mongólia
94%
Guiana
94%
México
94%
Coréia do Norte
93%
Cazaquistão
93%
Canadá
93%
Polônia
91%
Noruega
90%
Paquistão
90%
Finlândia
90%
Índia
89%
Ucrânia
89%
Bielorrússia
88%
Birmânia
88%
Azerbaijão
88%
Butão
87%
Alemanha
87%
Espanha
87%
Nepal
87%
Lituânia
85%
Suíça
85%
Líbia
84%
Letónia
83%
Geórgia
82%
Estônia
81%
África do Sul
80%
Namíbia
80%
Sudão
79%
Zimbábue
79%
Moçambique
79%
Áustria
79%
Itália
78%
Argélia
76%
Botswana
76%
Chile
76%
Marrocos
73%
Afeganistão
73%
Egito
73%
Suazilândia
73%
Iraque
72%
Rep Dem do Congo
72%
Turquia
71%
República
Centro-Africana
71%
Angola
70%
República do Congo
70%
Portugal
69%
Mali
69%
Níger
69%
Mauritânia
68%
Dinamarca
68%
Lesoto
68%
Reino Unido
68%
Países Baixos
67%
Guatemala
67%
Bélgica
67%
Laos
67%
Arábia Saudita
67%
Eslovénia
66%
Irão
66%
Chade
66%
Equador
65%
Camarões
65%
Luxemburgo
64%
Omã
63%
Bangladesh
62%
Vietname
62%
Sri Lanka
62%
Jordânia
62%
Tcheca
62%
Emirados Árabes
Unidos
61%
Etiópia
61%
Bulgária
60%
Iémen
60%
Armênia
60%
Belize
58%
Costa Rica
57%
Gabão
57%
Israel
57%
Andorra
55%
Panamá
55%
Burkina Faso
55%
Tajiquistão
55%
Quirguistão
54%
Turquemenistão
54%
Zâmbia
54%
Grécia
54%
Catar
54%
Hungria
54%
Kuweit
54%
Indonésia
53%
Nigéria
53%
Quênia
53%
Vaticano
53%
Suécia
53%
San Marino
53%
Honduras
52%
Sudão do Sul
52%
Malásia
52%
Nicarágua
50%
Irlanda
49%
Sérvia
49%
Somália
49%
Romênia
48%
Papua Nova Guiné
48%
Macedónia do Norte
47%
Guiné
47%
Eritreia
46%
Tanzânia
46%
Costa do Marfim
46%
Síria
46%
Senegal
45%
El Salvador
44%
Djibouti
43%
Benim
43%
Tunísia
42%
Eslováquia
42%
Timor Leste
42%
Tailândia
41%
Camboja
40%
Albânia
40%
Croácia
39%
Montenegro
38%
Malawi
35%
Haiti
33%
República Dominicana
33%
Bósnia e Herzegovina
33%
Uganda
32%
Moldávia
32%
Togo
31%
Gana
30%
Uzbequistão
29%
Serra Leoa
28%
Libéria
28%
Kosovo
28%
Guiné-Bissau
27%
Mônaco
25%
Coréia do Sul
24%
Líbano
24%
Ruanda
23%
Liechtenstein
22%
Burundi
19%
Gâmbia
16%
Guiné Equatorial
15%
Brunei
12%

Distribuição das Pontuações

Percentil de Números Respondidos

Porcentagem de Pessoas com Cada Pontuação

Sua Pontuação Histórica

Você não jogou esse quiz